[Event "Titled Tuesday intern op 27th Dec Early"]
[Site "Chess.com INT"]
[Date "2022.12.27"]
[Round "1"]
[White "Jiganchine, Roman"]
[Black "Usmanov, Vasily"]
[Result "0-1"]
[WhiteElo "2205"]
[BlackElo "2450"]
[PlyCount "68"]
[EventDate "2022.12.27"]
[EventType "swiss (blitz)"]
[EventRounds "11"]
[EventCountry "USA"]
[SourceTitle "EXT 2024"]
[Source "ChessBase"]
[SourceDate "2023.10.10"]
[SourceVersion "1"]
[SourceVersionDate "2023.10.10"]
[SourceQuality "1"]

1. e4 c5 2. Nf3 e6 3. g3 Nc6 4. Bg2 d5 5. exd5 exd5 6. 0-0 Bd6 7. d4 c4 8. b3 cxb3 9. axb3 Nge7 10. Na3 0-0 11. c3 a6 12. Nc2 h6 13. Ne3 Re8 14. Qd3 Be6 15. Nh4 Qd7 16. Bb2 Bh3 17. Rfe1 Bxg2 18. Kxg2 Nd8 19. Re2 Ne6 20. Rae1 Qc6 21. Nhf5 Nxf5 22. Qxf5 Nc7 23. Qg4 Re4 24. Qf3 Rae8 25. Nf5 Bf8 26. c4 Rxe2 27. Rxe2 Rxe2 28. Qxe2 dxc4+ 29. Kg1 cxb3 30. d5 Nxd5 31. Qe5 Qf6 32. Nxh6+ gxh6 33. Qxf6 Nxf6 34. Bxf6 Bg7 0-1

[Event "Titled Tuesday intern op 27th Dec Early"]
[Site "Chess.com INT"]
[Date "2022.12.27"]
[Round "2"]
[White "Usmanov, Vasily"]
[Black "Tymrakiewicz, Rafal"]
[Result "1-0"]
[WhiteElo "2450"]
[BlackElo "2138"]
[PlyCount "87"]
[EventDate "2022.12.27"]
[EventType "swiss (blitz)"]
[EventRounds "11"]
[EventCountry "USA"]
[SourceTitle "EXT 2024"]
[Source "ChessBase"]
[SourceDate "2023.10.10"]
[SourceVersion "1"]
[SourceVersionDate "2023.10.10"]
[SourceQuality "1"]

1. d4 Nf6 2. c4 d6 3. Nc3 e5 4. Nf3 Nc6 5. dxe5 dxe5 6. Qxd8+ Kxd8 7. Bg5 Be6 8. 0-0-0+ Kc8 9. Bxf6 gxf6 10. e3 f5 11. g3 e4 12. Nh4 Ne5 13. Bh3 Nd3+ 14. Rxd3 exd3 15. Bxf5 Be7 16. Bxe6+ fxe6 17. Ng2 e5 18. Rd1 Rd8 19. Nd5 Rd7 20. Rxd3 c6 21. Nxe7+ Rxe7 22. Kd2 e4 23. Rd4 Kc7 24. Nf4 Rd8 25. Kc3 Rxd4 26. Kxd4 Rd7+ 27. Kxe4 Rd2 28. Nd3 Kd6 29. c5+ Ke6 30. g4 Kf6 31. h4 h6 32. f4 Kg6 33. Ne5+ Kg7 34. Nd3 Kf6 35. g5+ hxg5 36. hxg5+ Kg6 37. a4 a5 38. Ne5+ Kg7 39. Nc4 Rd5 40. Nxa5 Rxc5 41. Nxb7 Rc4+ 42. Kf5 Rxa4 43. e4 Rb4 44. Nd8 1-0

[Event "Titled Tuesday intern op 20th Dec Early"]
[Site "Chess.com INT"]
[Date "2022.12.20"]
[Round "2"]
[White "Jimenez, Joaquin Rodrigo"]
[Black "Usmanov, Vasily"]
[Result "0-1"]
[WhiteElo "2214"]
[BlackElo "2450"]
[PlyCount "52"]
[EventDate "2022.12.20"]
[EventType "swiss (blitz)"]
[EventRounds "11"]
[EventCountry "USA"]
[SourceTitle "EXT 2024"]
[Source "ChessBase"]
[SourceDate "2023.10.10"]
[SourceVersion "1"]
[SourceVersionDate "2023.10.10"]
[SourceQuality "1"]

1. e4 Nc6 2. Nf3 Nf6 3. Nc3 d6 4. h3 g6 5. d4 Bg7 6. Bg5 h6 7. Be3 a6 8. a4 d5 9. e5 Ne4 10. Bd3 Nxc3 11. bxc3 Na5 12. Nd2 Be6 13. f4 Qd7 14. g4 h5 15. gxh5 Rxh5 16. h4 Bg4 17. Qb1 0-0-0 18. Qb4 Nc6 19. Qc5 e6 20. Qa3 Bf8 21. Qb2 Be7 22. Bf2 Na5 23. Rb1 Qc6 24. Nb3 Nc4 25. Qc1 Rdh8 26. Bxc4 dxc4 0-1

[Event "Titled Tuesday intern op 20th Dec Early"]
[Site "Chess.com INT"]
[Date "2022.12.20"]
[Round "7"]
[White "Martinez Alcantara, Jose Eduardo"]
[Black "Usmanov, Vasily"]
[Result "1-0"]
[WhiteElo "2597"]
[BlackElo "2450"]
[PlyCount "61"]
[EventDate "2022.12.20"]
[EventType "swiss (blitz)"]
[EventRounds "11"]
[EventCountry "USA"]
[SourceTitle "EXT 2024"]
[Source "ChessBase"]
[SourceDate "2023.10.10"]
[SourceVersion "1"]
[SourceVersionDate "2023.10.10"]
[SourceQuality "1"]

1. e4 Nc6 2. Nf3 d6 3. d4 Nf6 4. Nc3 Bg4 5. d5 Ne5 6. Bb5+ Ned7 7. h3 Bh5 8. Be3 e6 9. dxe6 fxe6 10. Bc4 Qe7 11. Bb3 Nc5 12. Bxc5 dxc5 13. Qd3 Rd8 14. Qe2 a6 15. g4 Bf7 16. a4 e5 17. Bxf7+ Qxf7 18. Nxe5 Qe6 19. Nf3 Be7 20. 0-0 0-0 21. Ng5 Qe5 22. Qc4+ Nd5 23. Nxd5 Bxg5 24. f4 b5 25. axb5 axb5 26. fxe5 bxc4 27. Nxc7 Be3+ 28. Kh1 Rf4 29. Rxf4 Bxf4 30. Ne6 Bxe5 31. Nxd8 1-0

[Event "Titled Tuesday intern op 20th Dec Early"]
[Site "Chess.com INT"]
[Date "2022.12.20"]
[Round "8"]
[White "Vokhidov, Shamsiddin"]
[Black "Usmanov, Vasily"]
[Result "1/2-1/2"]
[WhiteElo "2579"]
[BlackElo "2450"]
[PlyCount "238"]
[EventDate "2022.12.20"]
[EventType "swiss (blitz)"]
[EventRounds "11"]
[EventCountry "USA"]
[SourceTitle "EXT 2024"]
[Source "ChessBase"]
[SourceDate "2023.10.10"]
[SourceVersion "1"]
[SourceVersionDate "2023.10.10"]
[SourceQuality "1"]

1. e4 Nc6 2. Nf3 d6 3. d4 Nf6 4. d5 Nb8 5. Nc3 g6 6. Be2 Bg7 7. 0-0 0-0 8. Re1 c6 9. a4 a5 10. h3 Na6 11. Bf4 Nc5 12. Bf1 Re8 13. Qd2 Qb6 14. Rab1 Qb4 15. e5 Nxd5 16. Nxd5 cxd5 17. exd6 Ne6 18. Bb5 Qxf4 19. Qxf4 Nxf4 20. Bxe8 exd6 21. Bb5 Bf5 22. Re7 Rc8 23. Rbe1 Bxb2 24. Rxb7 Bf6 25. Bd7 Bxd7 26. Rxd7 Rxc2 27. Rxd6 Kg7 28. Rd7 d4 29. Nxd4 Bxd4 30. Rxd4 Ne2+ 31. Rxe2 Rxe2 32. Rd5 Re1+ 33. Kh2 Ra1 34. Rxa5 h5 35. h4 Ra3 36. Ra8 Kf6 37. f3 Kf5 38. Kg3 Kf6 39. Kf4 Ra2 40. Ra6+ Kg7 41. Kg3 Kh6 42. Ra8 Kg7 43. a5 Kf6 44. a6 Ra4 45. a7 Kg7 46. Kf2 Ra2+ 47. Ke3 Ra4 48. Kd3 Kf6 49. Kc3 Kg7 50. Kb3 Ra1 51. Kb4 Kf6 52. Kc5 Kg7 53. Kc6 Rc1+ 54. Kd7 Ra1 55. Kd6 Ra2 56. Ke5 Ra5+ 57. Ke4 Ra4+ 58. Ke3 Ra3+ 59. Kf4 Ra4+ 60. Ke5 Ra5+ 61. Kd6 Ra2 62. g3 Ra3 63. Kc6 Ra1 64. Kc5 Ra2 65. Kb5 Ra1 66. Kc6 Rc1+ 67. Kd7 Ra1 68. Kc7 Rc1+ 69. Kb6 Rb1+ 70. Kc5 Rc1+ 71. Kd5 Rd1+ 72. Ke5 Re1+ 73. Kd4 Rd1+ 74. Kc5 Rc1+ 75. Kb4 Rb1+ 76. Kc3 Ra1 77. g4 hxg4 78. fxg4 f5 79. gxf5 gxf5 80. Kd4 f4 81. Ke4 Ra4+ 82. Kf3 Kh7 83. Kg4 Kg7 84. h5 Kh7 85. h6 f3+ 86. Kxf3 Ra1 87. Ke4 Ra2 88. Kd5 Ra1 89. Kc6 Rc1+ 90. Kb6 Rb1+ 91. Ka6 Ra1+ 92. Kb7 Rb1+ 93. Kc7 Rc1+ 94. Kd8 Rd1+ 95. Ke7 Re1+ 96. Kf6 Rf1+ 97. Ke5 Re1+ 98. Kd5 Rd1+ 99. Kc4 Rc1+ 100. Kb4 Rb1+ 101. Kc3 Ra1 102. Kb3 Ra6 103. Kb2 Ra5 104. Kc2 Ra6 105. Kb3 Ra1 106. Kb4 Ra6 107. Kc5 Ra1 108. Kc6 Rc1+ 109. Kd6 Rd1+ 110. Kc5 Rc1+ 111. Kb5 Rb1+ 112. Kc4 Ra1 113. Kb4 Ra6 114. Kc3 Ra1 115. Kc4 Rc1+ 116. Kb3 Ra1 117. Kc3 Ra6 118. Kd3 Ra1 119. Kc4 Rc1+ 1/2-1/2

[Event "Atyrau op"]
[Site "Atyrau"]
[Date "2022.08.23"]
[Round "9"]
[White "Usmanov, Vasily"]
[Black "Sivuk, Vitaly"]
[Result "0-1"]
[WhiteElo "2462"]
[BlackElo "2579"]
[PlyCount "112"]
[EventDate "2022.08.15"]
[EventType "swiss"]
[EventRounds "9"]
[EventCountry "KAZ"]
[SourceTitle "CBM 210 Extra"]
[Source "ChessBase"]
[SourceDate "2022.11.30"]
[SourceVersion "1"]
[SourceVersionDate "2022.11.30"]
[SourceQuality "1"]

1. d4 d5 2. Bf4 c5 3. Nc3 Nc6 4. Nf3 Nf6 5. e3 Bg4 6. dxc5 e6 7. Nb5 e5 8. Bg5 a6 9. Nc3 e4 10. h3 Be6 11. Nd4 Bxc5 12. Nb3 Be7 13. Qd2 h6 14. Bf4 Rc8 15. g4 Nd7 16. Ne2 Nce5 17. Ned4 0-0 18. 0-0-0 Bf6 19. Kb1 Nb6 20. Qa5 Nec4 21. Bxc4 Nxc4 22. Qxd8 Rfxd8 23. Nd2 Nb6 24. f3 exf3 25. N2xf3 Nc4 26. Rd3 Re8 27. b3 g5 28. Bg3 Na3+ 29. Kc1 Bd7 30. Be1 Nb5 31. a4 Nd6 32. Rg1 Ne4 33. h4 Nc5 34. Rc3 Re4 35. hxg5 hxg5 36. Nh2 Rxe3 37. Rxe3 Bxd4 38. Rgg3 Bxe3+ 39. Rxe3 d4 40. Rh3 f6 41. Kb2 Bc6 42. Nf3 Ne6 43. Bd2 Kg7 44. c4 dxc3+ 45. Bxc3 Nf4 46. Nxg5 Nxh3 47. Nxh3 Kf7 48. Nf4 Rg8 49. Nh5 Rxg4 50. Nxf6 Rg2+ 51. Ka3 Rg3 52. Bb2 Ke6 53. Nh5 Rf3 54. Bc1 Ke5 55. Bb2+ Ke4 56. a5 Kd3 0-1

[Event "Atyrau op"]
[Site "Atyrau"]
[Date "2022.08.17"]
[Round "2"]
[White "Tkachyov, Adil"]
[Black "Usmanov, Vasily"]
[Result "0-1"]
[WhiteElo "1966"]
[BlackElo "2462"]
[PlyCount "76"]
[EventDate "2022.08.15"]
[EventType "swiss"]
[EventRounds "9"]
[EventCountry "KAZ"]
[SourceTitle "CBM 210 Extra"]
[Source "ChessBase"]
[SourceDate "2022.11.30"]
[SourceVersion "1"]
[SourceVersionDate "2022.11.30"]
[SourceQuality "1"]

1. d4 Nf6 2. c4 e6 3. Nc3 Bb4 4. Nf3 d6 5. Bd2 0-0 6. g3 c5 7. Bg2 Nc6 8. dxc5 dxc5 9. 0-0 Qe7 10. Qc2 Nd4 11. Nxd4 cxd4 12. Ne4 Bxd2 13. Nxf6+ Qxf6 14. Qxd2 Rd8 15. Rfc1 e5 16. c5 Qe7 17. Qd3 g6 18. e3 Bf5 19. Qb3 e4 20. exd4 Rxd4 21. Bf1 h5 22. Qe3 Rad8 23. Rc2 h4 24. Rac1 Qe5 25. b3 Kg7 26. c6 bxc6 27. Rxc6 hxg3 28. hxg3 Bg4 29. Rc7 Bf3 30. Qf4 Qxf4 31. gxf4 Rd2 32. Re7 Rd1 33. Rxd1 Rxd1 34. Rxa7 Be2 35. b4 Rxf1+ 36. Kg2 Rb1 37. Rb7 Bf3+ 38. Kg3 Rg1+ 0-1

[Event "Atyrau op"]
[Site "Atyrau"]
[Date "2022.08.15"]
[Round "1"]
[White "Usmanov, Vasily"]
[Black "Sakenov, Askar"]
[Result "1-0"]
[WhiteElo "2462"]
[BlackElo "1564"]
[PlyCount "79"]
[EventDate "2022.08.15"]
[EventType "swiss"]
[EventRounds "9"]
[EventCountry "KAZ"]
[SourceTitle "CBM 210 Extra"]
[Source "ChessBase"]
[SourceDate "2022.11.30"]
[SourceVersion "1"]
[SourceVersionDate "2022.11.30"]
[SourceQuality "1"]

1. d4 Nf6 2. g3 e6 3. Bg2 d5 4. Nf3 b6 5. c4 Bb7 6. cxd5 exd5 7. 0-0 Be7 8. Nc3 0-0 9. Qc2 Na6 10. Rd1 Re8 11. Bf4 Bf8 12. Be5 Ne4 13. h4 f6 14. Bf4 Kh8 15. a3 Bd6 16. Bxd6 Qxd6 17. e3 c6 18. Nxe4 Rxe4 19. Ne1 Re7 20. Nd3 Nc7 21. Nf4 Ne6 22. Ne2 Rae8 23. Rac1 Nf8 24. Rd3 Ne6 25. b4 Rc7 26. Rc3 Ree7 27. Qa4 Ba8 28. Bh3 g6 29. Bxe6 Rxe6 30. Kg2 Re8 31. h5 Kg7 32. Qc2 Qe7 33. f3 Rec8 34. Nf4 Qf7 35. hxg6 hxg6 36. Rh1 Rg8 37. g4 Re8 38. Kg3 Rce7 39. Qh2 Kf8 40. Qh3 1-0

[Event "RUS-chT 29th"]
[Site "Sochi"]
[Date "2022.05.10"]
[Round "7.3"]
[White "Usmanov, Vasily"]
[Black "Kobalia, Mihail"]
[Result "1/2-1/2"]
[WhiteElo "2447"]
[BlackElo "2596"]
[PlyCount "118"]
[EventDate "2022.05.01"]
[EventType "team-tourn"]
[EventRounds "7"]
[EventCountry "RUS"]
[SourceTitle "CBM 208 Extra"]
[Source "ChessBase"]
[SourceDate "2022.07.31"]
[SourceVersion "1"]
[SourceVersionDate "2022.07.31"]
[SourceQuality "1"]
[WhiteTeam "St Petersburg SSHOR"]
[BlackTeam "Moscow Gogolevsky 14"]
[WhiteTeamCountry "RUS"]
[BlackTeamCountry "RUS"]

1. d4 d5 2. c4 e6 3. Nf3 Nf6 4. g3 Be7 5. Bg2 0-0 6. 0-0 Nbd7 7. Qc2 c6 8. Rd1 b6 9. Nc3 Bb7 10. Bf4 Nh5 11. Bd2 Nhf6 12. Bf4 dxc4 13. Nd2 Nd5 14. Nxc4 Nxf4 15. gxf4 Rc8 16. Rac1 Qc7 17. e3 Rfd8 18. a3 a5 19. a4 Qb8 20. Qb3 Ba8 21. Ne5 Nxe5 22. dxe5 h6 23. Qc4 Rxd1+ 24. Rxd1 b5 25. Qb3 Bb4 26. Ne4 bxa4 27. Qxa4 Rd8 28. Qc2 Rxd1+ 29. Qxd1 Bf8 30. Qd4 Qb4 31. Qxb4 Bxb4 32. Nd6 Bxd6 33. exd6 Kf8 34. e4 c5 35. f3 g5 36. fxg5 hxg5 37. Bf1 Bc6 38. Kf2 e5 39. Kg3 Bd7 40. h4 gxh4+ 41. Kxh4 Kg7 42. Kg5 f6+ 43. Kh5 Be8+ 44. Kh4 Kf8 45. f4 Bc6 46. fxe5 fxe5 47. Kg5 Bxe4 48. Kf6 Ke8 49. Kxe5 Bc6 50. Bd3 a4 51. Ke6 Kd8 52. Bg6 Bf3 53. Bf7 c4 54. Ke5 c3 55. bxc3 Bd1 56. Bc4 Bb3 57. Kd4 Kd7 58. Kc5 Bxc4 59. Kxc4 Kxd6 1/2-1/2

[Event "RUS-ch Rapid"]
[Site "Sochi"]
[Date "2021.10.12"]
[Round "3"]
[White "Alekseev, Evgeny V"]
[Black "Usmanov, Vasily"]
[Result "1-0"]
[WhiteElo "2602"]
[BlackElo "2447"]
[PlyCount "91"]
[EventDate "2021.10.12"]
[EventType "swiss (rapid)"]
[EventRounds "11"]
[EventCountry "RUS"]
[SourceTitle "CBM 204 Extra"]
[Source "ChessBase"]
[SourceDate "2021.11.30"]
[SourceVersion "1"]
[SourceVersionDate "2021.11.30"]
[SourceQuality "1"]

1. e4 e5 2. Nf3 Nf6 3. Nxe5 d6 4. Nf3 Nxe4 5. d4 Be7 6. Bd3 Ng5 7. Nbd2 Bg4 8. h3 Nxf3+ 9. Nxf3 Bh5 10. 0-0 0-0 11. Bf5 Nc6 12. c3 Re8 13. Qd3 g6 14. g4 gxf5 15. gxh5 Qd7 16. Kh2 Kh8 17. Rg1 d5 18. Bf4 Bd6 19. Bxd6 Qxd6+ 20. Rg3 Qf4 21. Rag1 f6 22. Qb5 Ne7 23. Qxb7 Rab8 24. Qa6 c6 25. b4 Nc8 26. Qxc6 Nd6 27. Ne5 fxe5 28. Qxd6 Rb6 29. Qc7 Rg8 30. Qxe5+ Qxe5 31. dxe5 Re8 32. f4 Ra6 33. R1g2 Ra3 34. Rd2 Rc8 35. h6 Raxc3 36. Rxc3 Rxc3 37. Rxd5 Kg8 38. e6 Kf8 39. Rxf5+ Ke7 40. Rf7+ Kxe6 41. Rxa7 Kf5 42. Rxh7 Ra3 43. Rf7+ Ke4 44. h7 Kf3 45. h8Q Rxa2+ 46. Kh1 1-0

[Event "St Petersburg Amir Cup Blitz"]
[Site "St Petersburg"]
[Date "2021.05.23"]
[Round "9"]
[White "Efimov, Ignat"]
[Black "Usmanov, Vasily"]
[Result "0-1"]
[WhiteElo "2108"]
[BlackElo "2443"]
[PlyCount "60"]
[EventDate "2021.05.23"]
[EventType "swiss (blitz)"]
[EventRounds "11"]
[EventCountry "RUS"]
[SourceTitle "CBM 202 Extra"]
[Source "ChessBase"]
[SourceDate "2021.07.31"]
[SourceVersion "1"]
[SourceVersionDate "2021.07.31"]
[SourceQuality "1"]

1. Nf3 d5 2. b3 a5 3. a4 c6 4. Bb2 Bf5 5. g3 e6 6. Bg2 h6 7. 0-0 Nf6 8. d3 Be7 9. Nbd2 0-0 10. Ne5 Nbd7 11. e4 Bh7 12. Nxd7 Nxd7 13. f4 Bf6 14. e5 Be7 15. Kh1 b5 16. Nf3 Nc5 17. Nd4 Qd7 18. Bh3 bxa4 19. bxa4 Nxa4 20. Rxa4 c5 21. Qa1 cxd4 22. Rxa5 Qc6 23. Rc1 Bb4 24. Ra2 Bd2 25. Rf1 Rxa2 26. Qxa2 Qxc2 27. f5 Qxd3 28. fxe6 Be4+ 29. Kg1 Be3+ 30. Rf2 Bxf2+ 0-1

[Event "St Petersburg Amir Cup Blitz"]
[Site "St Petersburg"]
[Date "2021.05.23"]
[Round "11"]
[White "Usmanov, Vasily"]
[Black "Gareyev, Timur"]
[Result "1/2-1/2"]
[WhiteElo "2443"]
[BlackElo "2606"]
[PlyCount "62"]
[EventDate "2021.05.23"]
[EventType "swiss (blitz)"]
[EventRounds "11"]
[EventCountry "RUS"]
[SourceTitle "CBM 202 Extra"]
[Source "ChessBase"]
[SourceDate "2021.07.31"]
[SourceVersion "1"]
[SourceVersionDate "2021.07.31"]
[SourceQuality "1"]

1. d4 Nf6 2. g3 Nc6 3. Bg2 e5 4. dxe5 Nxe5 5. Qd4 Nc6 6. Qe3+ Be7 7. c4 d5 8. cxd5 Nxd5 9. Qd2 Ndb4 10. Na3 Be6 11. Nh3 Bxa2 12. 0-0 Bd5 13. e4 Be6 14. Nf4 0-0 15. Nxe6 fxe6 16. e5 Nd4 17. Qd1 c6 18. Bd2 a5 19. Bc3 Bc5 20. Nc4 Nb5 21. Qxd8 Rfxd8 22. Nxa5 Nc2 23. Nxb7 Bxf2+ 24. Kh1 Rxa1 25. Nxd8 Rxf1+ 26. Bxf1 Bd4 27. Nxc6 Bxc3 28. Bxb5 Bxb2 29. Bc4 Nd4 30. Nxd4 Bxd4 31. Bxe6+ Kf8 1/2-1/2

[Event "RUS-chT 28th"]
[Site "Sochi"]
[Date "2021.05.03"]
[Round "3.2"]
[White "Usmanov, Vasily"]
[Black "Goryachkina, Aleksandra"]
[Result "0-1"]
[WhiteElo "2443"]
[BlackElo "2593"]
[PlyCount "50"]
[EventDate "2021.05.01"]
[EventType "tourn"]
[EventRounds "9"]
[EventCountry "RUS"]
[SourceTitle "CBM 202"]
[Source "ChessBase"]
[SourceDate "2021.06.30"]
[SourceVersion "1"]
[SourceVersionDate "2021.06.30"]
[SourceQuality "1"]
[WhiteTeam "St Petersburg SSHOR"]
[BlackTeam "Moscow Gogolevsky 14"]
[WhiteTeamCountry "RUS"]
[BlackTeamCountry "RUS"]

1. e4 e6 2. d4 d5 3. Nc3 Nf6 4. Bg5 dxe4 5. Nxe4 Be7 6. Bxf6 Bxf6 7. Nf3 b6 8. Bd3 Bb7 9. Qe2 Nd7 10. 0-0-0 Qe7 11. h4 a6 12. Kb1 b5 13. Ne5 Bxe5 14. dxe5 0-0-0 15. f4 Nb6 16. h5 h6 17. Qf2 Bxe4 18. Bxe4 Qb4 19. Rxd8+ Rxd8 20. Qe1 Rd2 21. a3 Qd4 22. b3 Nd7 23. Kc1 Nc5 24. Rh3 Nxe4 25. c3 Qd5 0-1

[Event "St Petersburg-ch 94th"]
[Site "St Petersburg"]
[Date "2021.03.27"]
[Round "3"]
[White "Saveliev, Alexei"]
[Black "Usmanov, Vasily"]
[Result "0-1"]
[WhiteElo "2358"]
[BlackElo "2447"]
[PlyCount "94"]
[EventDate "2021.03.25"]
[EventType "swiss"]
[EventRounds "9"]
[EventCountry "RUS"]
[SourceTitle "EXT 2022"]
[Source "ChessBase"]
[SourceDate "2021.10.06"]
[SourceVersion "1"]
[SourceVersionDate "2021.10.06"]
[SourceQuality "1"]

1. e4 e5 2. Nf3 Nf6 3. Nxe5 d6 4. Nf3 Nxe4 5. Qe2 Qe7 6. d3 Nf6 7. Bg5 Nbd7 8. h3 h6 9. Bf4 Nd5 10. Bd2 Nc5 11. g3 Bd7 12. b4 Ne6 13. Bg2 0-0-0 14. d4 Re8 15. 0-0 Ng5 16. Qxe7 Nxf3+ 17. Bxf3 Nxe7 18. Kg2 g5 19. Re1 Bg7 20. c3 Bf6 21. Na3 h5 22. Nc2 g4 23. hxg4 hxg4 24. Be4 Rh3 25. Kg1 Reh8 26. Ne3 R3h5 27. Rac1 Be6 28. Bg2 c6 29. a4 a5 30. bxa5 Rxa5 31. d5 Nxd5 32. c4 Nxe3 33. Bxa5 Nxg2 34. Kxg2 Rh5 35. Bb6 d5 36. f3 gxf3+ 37. Kxf3 Rf5+ 38. Kg2 dxc4 39. Rxe6 fxe6 40. Rxc4 Kd7 41. Rg4 Bg5 42. Re4 c5 43. Kh3 Kd6 44. Kg4 Bd2 45. Rc4 Kc6 46. Ba7 b6 47. Re4 Kb7 0-1

[Event "St Petersburg-ch 94th"]
[Site "St Petersburg"]
[Date "2021.03.26"]
[Round "2"]
[White "Usmanov, Vasily"]
[Black "Lesovoi, Evgenij"]
[Result "1/2-1/2"]
[WhiteElo "2447"]
[BlackElo "2347"]
[PlyCount "118"]
[EventDate "2021.03.25"]
[EventType "swiss"]
[EventRounds "9"]
[EventCountry "RUS"]
[SourceTitle "EXT 2022"]
[Source "ChessBase"]
[SourceDate "2021.10.06"]
[SourceVersion "1"]
[SourceVersionDate "2021.10.06"]
[SourceQuality "1"]

1. d4 Nf6 2. Nf3 e6 3. Bg5 c5 4. e3 d5 5. Be2 Nbd7 6. 0-0 Be7 7. dxc5 Nxc5 8. c4 0-0 9. Nc3 dxc4 10. Bxc4 a6 11. a4 Bd7 12. Ne5 Rc8 13. Be2 Be8 14. Qxd8 Bxd8 15. Rfd1 Ba5 16. Bxf6 gxf6 17. Nc4 Bxc3 18. bxc3 Bxa4 19. Rd4 Bb5 20. Bd1 Bxc4 21. Rxc4 Rc7 22. Bf3 Rfc8 23. Rd1 f5 24. h3 b5 25. Rb4 Na4 26. Rd6 Nxc3 27. Rxa6 Rc4 28. Rb2 Rb8 29. Ra7 Na4 30. Rb1 Nc3 31. Rb2 Na4 32. Rb1 Nc3 33. Rb2 Ne4 34. Bh5 Nd6 35. Rd7 Rb6 36. Ra2 Rc8 37. Rd2 Rcc6 38. Kh2 b4 39. Ra2 Ra6 40. Rxa6 Rxa6 41. Rd8+ Kg7 42. Rb8 Ra2 43. Rxb4 Kh6 44. Rd4 Kxh5 45. Rxd6 Rxf2 46. Kg3 Rf1 47. Rd7 Kg6 48. Rb7 e5 49. Rb6+ f6 50. Rb4 h5 51. h4 e4 52. Rb2 f4+ 53. exf4 Kf5 54. Rb5+ Ke6 55. Rb6+ Kd5 56. Rxf6 e3 57. Rf5+ Kd4 58. Re5 Kd3 59. Rd5+ Kc4 1/2-1/2

[Event "RUS-chT 27th"]
[Site "Sochi"]
[Date "2020.11.26"]
[Round "7.3"]
[White "Usmanov, Vasily"]
[Black "Khairullin, Ildar"]
[Result "1/2-1/2"]
[WhiteElo "2442"]
[BlackElo "2618"]
[PlyCount "39"]
[EventDate "2020.11.19"]
[EventType "team-tourn"]
[EventRounds "9"]
[EventCountry "RUS"]
[SourceTitle "CBM 199"]
[Source "ChessBase"]
[SourceDate "2020.12.31"]
[SourceVersion "1"]
[SourceVersionDate "2020.12.31"]
[SourceQuality "1"]
[WhiteTeam "St Petersburg SShOR"]
[BlackTeam "St Petersburg Bronze Horseman"]
[WhiteTeamCountry "RUS"]
[BlackTeamCountry "RUS"]

1. Nf3 d5 2. d4 Nf6 3. c4 c6 4. Nbd2 Bf5 5. Nh4 Be4 6. e3 e6 7. Be2 Be7 8. 0-0 0-0 9. g3 Qc7 10. f3 Bg6 11. cxd5 cxd5 12. Nxg6 hxg6 13. Nb3 Bd6 14. Bd2 Bxg3 15. hxg3 Qxg3+ 16. Kh1 Qh3+ 17. Kg1 Qg3+ 18. Kh1 Qh3+ 19. Kg1 Qg3+ 20. Kh1 1/2-1/2

[Event "RUS-chT 27th"]
[Site "Sochi"]
[Date "2020.11.25"]
[Round "6.3"]
[White "Demidov, Mikhail"]
[Black "Usmanov, Vasily"]
[Result "0-1"]
[WhiteElo "2526"]
[BlackElo "2442"]
[PlyCount "124"]
[EventDate "2020.11.19"]
[EventType "team-tourn"]
[EventRounds "9"]
[EventCountry "RUS"]
[SourceTitle "CBM 199"]
[Source "ChessBase"]
[SourceDate "2020.12.31"]
[SourceVersion "1"]
[SourceVersionDate "2020.12.31"]
[SourceQuality "1"]
[WhiteTeam "Achimgaz QNAO"]
[BlackTeam "St Petersburg SShOR"]
[WhiteTeamCountry "RUS"]
[BlackTeamCountry "RUS"]

1. Nf3 d5 2. g3 Nd7 3. Bg2 e5 4. d3 Ngf6 5. 0-0 Bd6 6. Nbd2 0-0 7. e4 c6 8. b3 Re8 9. Bb2 a5 10. a3 Nf8 11. Re1 Ng6 12. c3 Qc7 13. Qc2 Be6 14. b4 h6 15. Rad1 Rad8 16. Nb3 b6 17. Nbd2 Bf8 18. Qb1 dxe4 19. Nxe4 Nxe4 20. dxe4 Bb3 21. Rd2 c5 22. Bc1 Ba4 23. Rd5 cxb4 24. cxb4 axb4 25. axb4 Qc4 26. Be3 Bc2 27. Qb2 Rc8 28. Nxe5 Qxb4 29. Qxb4 Bxb4 30. Nxg6 Bxe1 31. Nf4 Rb8 32. Rb5 Bxe4 33. Rxb6 Rxb6 34. Bxb6 Bd2 35. Bxe4 Rxe4 36. Nd3 Bc3 37. Kf1 Bd4 38. Ba5 Kf8 39. h3 Ke7 40. Bb4+ Kd7 41. Nc5+ Bxc5 42. Bxc5 h5 43. Bf8 g6 44. Bh6 Ke6 45. Bd2 Kd5 46. Bh6 Kd4 47. Bg7+ Kd3 48. Bh6 Rb4 49. Bg5 Rb1+ 50. Kg2 Ke2 51. h4 Rb3 52. Bf6 Rf3 53. Bd4 f5 54. Bc5 f4 55. gxf4 Rxf4 56. Kg3 Rg4+ 57. Kh3 Kf3 58. Bb6 Rg2 59. Bc5 Rxf2 60. Bb6 Rf1 61. Bc7 Rh1+ 62. Bh2 Rxh2+ 0-1

[Event "RUS-chT 27th"]
[Site "Sochi"]
[Date "2020.11.22"]
[Round "4.4"]
[White "Chigaev, Maksim"]
[Black "Usmanov, Vasily"]
[Result "1-0"]
[WhiteElo "2615"]
[BlackElo "2442"]
[PlyCount "101"]
[EventDate "2020.11.19"]
[EventType "team-tourn"]
[EventRounds "9"]
[EventCountry "RUS"]
[SourceTitle "CBM 199"]
[Source "ChessBase"]
[SourceDate "2020.12.31"]
[SourceVersion "1"]
[SourceVersionDate "2020.12.31"]
[SourceQuality "1"]
[WhiteTeam "Tyumen Molodezhka"]
[BlackTeam "St Petersburg SShOR"]
[WhiteTeamCountry "RUS"]
[BlackTeamCountry "RUS"]

1. e4 e5 2. Bc4 Nf6 3. d3 c6 4. Nf3 d5 5. Bb3 Bb4+ 6. Bd2 Bxd2+ 7. Qxd2 a5 8. a4 dxe4 9. Nxe5 0-0 10. dxe4 Qe7 11. Qf4 Nh5 12. Bxf7+ Rxf7 13. Qxf7+ Qxf7 14. Nxf7 Kxf7 15. Nc3 Na6 16. f4 Nc5 17. 0-0-0 g6 18. h3 Ng3 19. Rhe1 h5 20. Re3 h4 21. Rd8 Ne6 22. Rh8 Nxf4 23. Rxh4 Nfh5 24. Rg4 Bxg4 25. hxg4 Rg8 26. Rf3+ Ke6 27. Kd1 Rg7 28. Kd2 Nh1 29. gxh5 gxh5 30. Ne2 Rxg2 31. Ke3 Rh2 32. Nd4+ Ke7 33. Rf5 h4 34. Rxa5 h3 35. Ra7 c5 36. Rxb7+ Kf6 37. e5+ Kg6 38. Nf3 Rxc2 39. e6 Ng3 40. e7 Re2+ 41. Kf4 Nh5+ 42. Kg4 Re3 43. a5 Nf6+ 44. Kg3 Re6 45. Kxh3 Ne8 46. Rb6 Kf5 47. Nh4+ Kf6 48. Ng6 Kf7 49. Rxe6 Kxe6 50. a6 Nc7 51. a7 1-0

[Event "Titled Tuesday intern op 17th Nov"]
[Site "Chess.com INT"]
[Date "2020.11.17"]
[Round "8"]
[White "Jarovinsky, Alexey"]
[Black "Usmanov, Vasily"]
[Result "1-0"]
[WhiteElo "2305"]
[BlackElo "2442"]
[PlyCount "53"]
[EventDate "2020.11.17"]
[EventType "swiss (blitz)"]
[EventRounds "11"]
[EventCountry "USA"]
[SourceTitle "CBM 199 Extra"]
[Source "ChessBase"]
[SourceDate "2021.01.31"]
[SourceVersion "1"]
[SourceVersionDate "2021.01.31"]
[SourceQuality "1"]

1. Nc3 d5 2. e4 dxe4 3. Nxe4 Nd7 4. g3 Ngf6 5. Nxf6+ Nxf6 6. Bg2 Bg4 7. Nf3 Qd7 8. 0-0 0-0-0 9. d4 Qd5 10. c3 Qh5 11. Qd3 Bf5 12. Qb5 a6 13. Qb3 Be4 14. Ne5 Bxg2 15. Kxg2 e6 16. h3 Bd6 17. g4 Qh4 18. Nf3 h5 19. Nxh4 hxg4 20. Bg5 Rh5 21. f4 gxh3+ 22. Kh1 Rdh8 23. Bxf6 gxf6 24. Nf3 Bxf4 25. Rg1 Rb5 26. Qc2 Rhh5 27. Raf1 1-0